• 首页
  • 本馆介绍
  • 公告通知
  • 最新文献
  • 馆藏检索
  • 电子资源
  • 读者导购
  • 参考咨询
  • 我的图书馆
  • 登录
  • 详细信息显示
  • 放入我的书架
  • 预约/预借图书
  • 作者相关作品
  • 分类相关作品
  • 丛书相关作品
  • 出版社相关作品

书目信息

  • 表格格式
  • 工作单格式
  • 卡片格式
题名:
习近平的七年知青岁月
    
 
作者: ;中央党校采访实录编辑室 著
分册:  
出版信息: 北京   中共中央党校出版社  2017年
页数: 452页
开本: 26cm
丛书名:
单 册:
中图分类: K8
科图分类:
主题词: 历史 , 地理
电子资源:
ISBN: 978-7-5035-6163-4
000 00665nam0 2200193 45
001 2657650475
005 20260414160132.63
010    @a978-7-5035-6163-4@dCNY76.00
100    @a20211128d km y0chiy0120 ea
101 0  @achi
200 1  @a习近平的七年知青岁月@AXi Jin Ping De Qi Nian Zhi Qing Sui Yue@f中央党校采访实录编辑室著@FZhong Yang Dang Xiao Cai Fang Shi Lu Bian Ji Shi Zhu
210    @a北京@c中共中央党校出版社@d2017年
215    @a452页@d26cm
606 0  @a历史
606 0  @a地理
690    @aK8@v4
711 02 @a中央党校采访实录编辑室@AZhong Yang Dang Xiao Cai Fang Shi Lu Bian Ji Shi@4著
801  0 @aCN@bPFT@c20211128
905    @a213230@b6201660@dK8@e67@f1
    
    习近平的七年知青岁月/中央党校采访实录编辑室著.-北京:中共中央党校出版社,2017年
    452页;26cm
    
    
    ISBN 978-7-5035-6163-4:CNY76.00
    
●
相关链接 在E读中查询图书 在五车中查询图书 在当当中查询图书 在豆瓣中查询图书


正题名:习近平的七年知青岁月     索取号:K8/67         预约/预借

序号 登录号 条形码 馆藏地/架位号 状态 备注
1 1442349   214423499   第二样本阅览室/ [索取号:K8/67] 在馆    
唐山师范学院图书馆 欢迎您!
大连网信软件有限公司© 版权所有